|
|
|
|
| LEADER |
00000nam a2200000 i 4500 |
| 001 |
1/77490 |
| 008 |
971217s1988 gre d |
| 035 |
|
|
|a 1989
|b 1
|c Δωρεά
|l 10032674
|
| 040 |
|
|
|a GR-MY-UA
|b gre
|e aacr
|
| 041 |
0 |
|
|a gre
|
| 082 |
0 |
|
|a 371.909495
|
| 110 |
2 |
|
|a Υπουργείο Εθνικής Παιδείας και Θρησκευμάτων
|b Διεύθυνση Ειδικής Αγωγής.
|
| 245 |
1 |
0 |
|a Δελτίο πληροφοριών ειδικής αγωγής /
|c Υπουργείο Εθνικής Παιδείας και Θρησκευμάτων
|
| 250 |
|
|
|a 4η εκδ.
|
| 260 |
|
|
|a Αθήνα :
|b Ο.Ε.Δ.Β.,
|c 1988
|
| 300 |
|
|
|a 142 σ.
|
| 500 |
|
|
|a Σημείωση άνω του τίτλου: Υπουργείο Εθνικής Παιδείας και Θρησκευμάτων
|
| 650 |
0 |
0 |
|a Children with disabilities
|x Education
|z Greece.
|
| 650 |
0 |
0 |
|a Children with disabilities
|x Education
|x Law and legislation
|z Greece.
|
| 852 |
|
|
|a INST
|b RHODES
|e 19971217
|h 371.909495 ΔΕΛ
|p 005400001974
|q 005400001974
|t BK
|y 0
|
| 852 |
|
|
|a INST
|b RHODES
|e 19971217
|h 371.909495 ΔΕΛ
|p 005400001975
|q 005400001975
|t BK
|y 0
|
| 852 |
|
|
|a INST
|b RHODES
|e 19971217
|h 371.909495 ΔΕΛ
|p 005400001976
|q 005400001976
|t BK
|y 0
|
| 852 |
|
|
|a INST
|b RHODES
|e 19971217
|h 371.909495 ΔΕΛ
|p 005400001977
|q 005400001977
|t BK
|y 0
|
| 852 |
|
|
|a INST
|b RHODES
|e 19971217
|h 371.909495 ΔΕΛ
|p 005400001982
|q 005400001982
|t BK
|y 0
|
| 852 |
|
|
|a INST
|b RHODES
|e 19971217
|h 371.909495 ΔΕΛ
|p 005400001983
|q 005400001983
|t BK
|y 0
|
| 852 |
|
|
|a INST
|b RHODES
|e 19971217
|h 371.909495 ΔΕΛ
|p 005400001984
|q 005400001984
|t BK
|y 0
|
| 852 |
|
|
|a INST
|b RHODES
|e 19971217
|h 371.909495 ΔΕΛ
|p 005400001985
|q 005400001985
|t BK
|y 0
|
| 852 |
|
|
|a INST
|b RHODES
|e 19971217
|h 371.909495 ΔΕΛ
|p 005400001986
|q 005400001986
|t BK
|y 0
|
| 852 |
|
|
|a INST
|b RHODES
|e 19971217
|h 371.909495 ΔΕΛ
|p 005400001987
|q 005400001987
|t BK
|y 0
|
| 852 |
|
|
|a INST
|b RHODES
|e 19971217
|h 371.909495 ΔΕΛ
|p 005400001988
|q 005400001988
|t BK
|y 0
|
| 852 |
|
|
|a INST
|b RHODES
|e 19971217
|h 371.909495 ΔΕΛ
|p 005400001989
|q 005400001989
|t BK
|y 0
|
| 909 |
|
|
|a Ρ
|b 004294
|c 1989
|
| 909 |
|
|
|a Ρ
|b 017481
|c 1989
|
| 909 |
|
|
|a Ρ
|b 017482
|c 1989
|
| 909 |
|
|
|a Ρ
|b 017483
|c 1989
|
| 909 |
|
|
|a Ρ
|b 017484
|c 1989
|
| 909 |
|
|
|a Ρ
|b 017485
|c 1989
|
| 909 |
|
|
|a Ρ
|b 017486
|c 1989
|
| 909 |
|
|
|a Ρ
|b 017488
|c 1989
|
| 909 |
|
|
|a Ρ
|b 017490
|c 1989
|
| 909 |
|
|
|a Ρ
|b 017491
|c 1989
|
| 909 |
|
|
|a Ρ
|b 017492
|c 1989
|
| 909 |
|
|
|a Ρ
|b 024752
|c 1989
|